|
|
|
|
| LEADER |
00000caa a22000002c 4500 |
| 001 |
1443943878 |
| 003 |
DE-627 |
| 005 |
20240703204238.0 |
| 007 |
tu |
| 008 |
121112s1983 xx ||||| 00| ||ger c |
| 020 |
|
|
|a 3459015152
|
| 035 |
|
|
|a (DE-627)1443943878
|
| 035 |
|
|
|a (DE-576)373943873
|
| 035 |
|
|
|a (DE-599)BSZ373943873
|
| 040 |
|
|
|a DE-627
|b ger
|c DE-627
|e rakwb
|
| 041 |
|
|
|a ger
|
| 084 |
|
|
|a 1
|2 ssgn
|
| 100 |
1 |
|
|a Kim, Chang-Nack
|4 aut
|
| 245 |
1 |
0 |
|a Arbeitskämpfe in der Dritten Welt
|b am Beispiel der Arbeiterbewegung in Südkorea
|c Chang-Nack Kim
|
| 264 |
|
1 |
|c 1983
|
| 336 |
|
|
|a Text
|b txt
|2 rdacontent
|
| 337 |
|
|
|a ohne Hilfsmittel zu benutzen
|b n
|2 rdamedia
|
| 338 |
|
|
|a Band
|b nc
|2 rdacarrier
|
| 601 |
|
|
|a Arbeitskampf
|
| 601 |
|
|
|a Beispiel
|
| 601 |
|
|
|a Arbeiterbewegung
|
| 601 |
|
|
|a Südkorea
|
| 650 |
0 |
7 |
|0 (DE-588)4002567-6
|0 (DE-627)104637412
|0 (DE-576)208847731
|a Arbeit
|2 gnd
|
| 773 |
0 |
8 |
|i In
|t Mitarbeiter der Schöpfung
|d München : Kaiser, 1983
|g (1983), Seite 307-319
|h 332 Seiten
|w (DE-627)02734701X
|w (DE-576)039060659
|z 3459015152
|7 nnam
|
| 773 |
1 |
8 |
|g year:1983
|g pages:307-319
|
| 889 |
|
|
|w (DE-576)518788113
|
| 889 |
|
|
|w (DE-627)1588788113
|
| 935 |
|
|
|a BIIN
|
| 951 |
|
|
|a AR
|
| BIB |
|
|
|a 1
|
| ELC |
|
|
|b 1
|
| ITA |
|
|
|a 1
|t 1
|
| LOK |
|
|
|0 000 xxxxxcx a22 zn 4500
|
| LOK |
|
|
|0 001 3058353340
|
| LOK |
|
|
|0 003 DE-627
|
| LOK |
|
|
|0 004 1443943878
|
| LOK |
|
|
|0 005 20240703204238
|
| LOK |
|
|
|0 008 190311||||||||||||||||ger|||||||
|
| LOK |
|
|
|0 035
|a (DE-Tue135-1)42608
|
| LOK |
|
|
|0 040
|a DE-Tue135-1
|c DE-627
|d DE-Tue135-1
|
| LOK |
|
|
|0 852
|a DE-Tue135-1
|
| LOK |
|
|
|0 852 1
|c AT08157/CGNK
|m p
|9 00
|
| LOK |
|
|
|0 852 2
|b F 77
|9 00
|
| LOK |
|
|
|0 935
|a iSWA
|
| LOK |
|
|
|0 938
|k p
|
| LOK |
|
|
|0 939
|a 11-03-19
|b l12
|
| ORI |
|
|
|a SA-MARC-ixtheoa001.raw
|
| STA |
0 |
0 |
|a Work,Work (physics),Work,Labor,Job,Labour,Labor,Work in art,Labor in literature,Labor in art
|
| STB |
0 |
0 |
|a Travail,Travail d'une force,Travail
|
| STC |
0 |
0 |
|a Trabajo,Trabajo (física),Trabajo
|
| STD |
0 |
0 |
|a Lavoro,Lavoro (fisica),Lavoro
|
| STE |
0 |
0 |
|a 工作,工作
|
| STF |
0 |
0 |
|a 工作,功,工作
|
| STG |
0 |
0 |
|a Trabalho,Trabalho (física),Trabalho
|
| STH |
0 |
0 |
|a Работа (мотив),Механическая работа,Работа
|
| STI |
0 |
0 |
|a Εργασία (μοτίβο),Έργο (φυσική),Εργασία
|
| SUB |
|
|
|a BIB
|
| SYE |
0 |
0 |
|a Arbeitspolitik - Humanisierung der Arbeit,Erwerbsarbeit
|